Kraje o najkrótszych maksymalnych odległościach od oceanu - Statystyki

Ogólne statystyki
  • Ten quiz został rozwiązany 325 razy
  • Średni wynik to 8 z 22
Statystyki odpowiedzi
Maks. Km do Morza Państwo % Poprawnych
22 San Marino
63%
22 Watykan
61%
1 Monako
59%
134 Andora
51%
60 Panama
42%
39 Katar
39%
96 Belize
35%
100 Kostaryka
35%
105 Salwador
35%
115 Kuwejt
34%
123 Izrael
32%
115 Korea południowa
32%
136 Czarnogóra
29%
197 Zjednoczone Emiraty Arabskie
29%
125 Albania
28%
136 Grecja
28%
72 Liban
28%
100 Dżibuti
27%
186 Estonia
27%
200 Eswatini
26%
194 Gwinea Równikowa
20%
185 Niderlandy
3%
Nie znaleziono quizów pasujących do podanych kryteriów
Rozkład punktacji
Procent ludzi z każdym wynikiem
Percentyl według liczby udzielonych odpowiedzi
Twoja historia wyników
Nie rozwiązałeś tego quizu